000 00468cam a2200145 4500500
005 20251012032226.0
041 _afre
042 _adc
100 1 0 _aClerc, Louis
_eauthor
245 0 0 _aUne finlandisation à la finlandaise ?
260 _c2025.
500 _a60
786 0 _nRevue d'histoire nordique | 31 | 1 | 2025-03-13 | p. 144-158 | 1778-9605
856 4 1 _uhttps://shs.cairn.info/revue-d-histoire-nordique-2025-1-page-144?lang=fr&redirect-ssocas=7080
999 _c1547000
_d1547000